The complete funeral manual. (Record no. 8726)

000 -LEADER
fixed length control field 00544nam a2200181 a 4500
001 - CONTROL NUMBER
control field :::00006504$&:&@@
003 - CONTROL NUMBER IDENTIFIER
control field OkBaRHE
005 - DATE AND TIME OF LATEST TRANSACTION
control field 20000607103331.0
008 - FIXED-LENGTH DATA ELEMENTS--GENERAL INFORMATION
fixed length control field s1967 j 000 0 eng u
040 ## - CATALOGING SOURCE
Transcribing agency
100 1# - MAIN ENTRY--PERSONAL NAME
Personal name Christensen, James L.
245 14 - TITLE STATEMENT
Title The complete funeral manual.
260 ## - PUBLICATION, DISTRIBUTION, ETC. (IMPRINT)
Place of publication, distribution, etc Westwood, NJ., :
Name of publisher, distributor, etc Fleming H. Revell Co.
Date of publication, distribution, etc 1967
300 ## - PHYSICAL DESCRIPTION
Extent 159 p. ;
Dimensions 20 cm.
650 ## - SUBJECT ADDED ENTRY--TOPICAL TERM
Topical term or geographic name as entry element Funeral Service
942 ## - ADDED ENTRY ELEMENTS (KOHA)
Source of classification or shelving scheme
Koha item type Books
Copies
Copy number Date last seen Date acquired Price effective from Barcode Permanent Location Withdrawn status Koha item type Full call number Shelving location Lost status Not for loan Source of classification or shelving scheme Damaged status
12010-04-142010-04-142010-04-146504RHEMA Bible Training College BooksBV 199 .F8C48General Stacks